Football Teams César Azpilicueta Played For - Statistics

General Stats
  • This quiz has been taken 74 times
  • The average score is 3 of 5
Answer Stats
League Years Team % Correct
England 2012-2023 Chelsea FC
100%
Spain 2023- Atlético de Madrid
92%
France 2010-2012 Olympique de Marseille
75%
Spain 2007-2010 CA Osasuna
38%
Spain 2006-2007 CA Osasuna Promesas
38%
No matching quizzes found
Score Distribution
Percent of People with Each Score
Percentile by Number Answered
Your Score History
You have not taken this quiz